=LDR 00000nam 2200000 4500 =001 INLIS000000000001135 =005 20130612085539 =008 ***********************************Ind** =035 ##$$0010-061300000001135 =041 ##$$a Ind =082 ##$$a 636.579 =090 ##$$a 636.579, Bha-c =100 ##$$a BHROTO, Kun D =245 ##$$a Cara beternak itik, Kun D. Bhroto =260 ##$$a 1981 $b Semarang =300 ##$$a 52 hlm, ilus, 18 cm =650 ##$$a Beternak =650 ##$$a Itik =850 ##$$a NBPNMAT